000
00215nam a22000857a 4500
008
161125b xxu||||| |||| 00| 0 eng d
100
_9
1433
_a
Verma.R.
245
_a
CCE Science-X(T-II)
260
_a
New Delhi
_b
S. Chand
_c
2012
999
_c
4155
_d
4155